00353nam a2200109Ia 4500008004100000245007900041260003500120260000900155650001800164650001500182856004600197170221s9999 xx 000 0 und d aCommunication Needs of Hispanic Patients: Sudden Speechlessness Simulation bThe Open Communication Journal c2015 xCommunication xMedia Arts uhttps://benthamopen.com/TOCOMMJ/VOLUME/6/